Score 0/30 Timer 04:00
6 Plays Today
Question Answer Wrong Answers
Nicolas Cage
Vampire's Kiss
Neither
82.1%
Best Actor
6%
Best Picture
1.7%
Both
1.4%
Leonardo DiCaprio
Titanic
Best Picture
75.3%
Best Actor
1.6%
Both
8%
Neither
6.3%
Tom Hanks
Forrest Gump
Both
74.9%
Best Actor
8.4%
Best Picture
6.7%
Neither
1.3%
Philip Seymour Hoffman
Capote
Best Actor
69.8%
Best Picture
2.8%
Both
9.2%
Neither
9.2%
Ben Kingsley
Gandhi
Both
69.7%
Best Actor
13%
Best Picture
6.4%
Neither
1.8%
Jesse Eisenberg
The Social Network
Neither
69.1%
Best Actor
6.3%
Best Picture
12.8%
Both
2.7%
Clint Eastwood
Million Dollar Baby
Best Picture
68.2%
Best Actor
4.1%
Both
11.7%
Neither
6.7%
Jack Nicholson
One Flew Over the Cuckoo's Nest
Both
68%
Best Actor
12.2%
Best Picture
8.1%
Neither
2.8%
Anthony Hopkins
Silence of the Lambs
Both
67.7%
Best Actor
11.2%
Best Picture
8.9%
Neither
3%
Leonardo DiCaprio
The Revenant
Best Actor
67%
Best Picture
3.9%
Both
14.8%
Neither
5.5%
Joseph Fiennes
Shakespeare in Love
Best Picture
66.5%
Best Actor
5.4%
Both
12%
Neither
7%
Gary Oldman
Darkest Hour
Best Actor
66.1%
Best Picture
2.4%
Both
5.4%
Neither
17.2%
Richard Gere
Chicago
Best Picture
66.1%
Best Actor
4.7%
Both
6%
Neither
14.1%
Eddie Redmayne
The Theory of Everything
Best Actor
65.7%
Best Picture
3.8%
Both
9%
Neither
12.6%
Woody Allen
Annie Hall
Best Picture
62.1%
Best Actor
4.1%
Both
15.3%
Neither
9.5%
Sylvester Stallone
Rocky
Best Picture
62.1%
Best Actor
4.3%
Both
15.2%
Neither
9.6%
Denzel Washington
Fences
Neither
61.7%
Best Actor
22.3%
Best Picture
3.3%
Both
3.4%
Dustin Hoffman
Kramer vs. Kramer
Both
59.3%
Best Actor
11.5%
Best Picture
16%
Neither
4.4%
Daniel Day-Lewis
There Will Be Blood
Best Actor
58.9%
Best Picture
4.1%
Both
21%
Neither
7.1%
Tom Cruise
Rain Man
Best Picture
58.5%
Best Actor
7%
Both
10.5%
Neither
15.3%
Liam Neeson
Schindler's List
Best Picture
57.5%
Best Actor
3.6%
Both
27.8%
Neither
2.3%
Russell Crowe
Gladiator
Both
56.6%
Best Actor
8.2%
Best Picture
22.8%
Neither
3.5%
Mel Gibson
Braveheart
Best Picture
56.3%
Best Actor
4.6%
Both
24.9%
Neither
5.4%
Ryan Gosling
La La Land
Neither
54.9%
Best Actor
9.7%
Best Picture
19.1%
Both
7.4%
Matt Damon
Good Will Hunting
Neither
53.4%
Best Actor
9%
Best Picture
17.4%
Both
11.1%
F. Murray Abraham
Amadeus
Both
47%
Best Actor
9.7%
Best Picture
27%
Neither
7.2%
Robert De Niro
Raging Bull
Best Actor
46.9%
Best Picture
6.5%
Both
30.8%
Neither
7.2%
Jean Dujardin
The Artist
Both
46.2%
Best Actor
8.7%
Best Picture
29.4%
Neither
6.7%
Orson Welles
Citizen Kane
Neither
38.8%
Best Actor
6.3%
Best Picture
15.2%
Both
30.7%
Peter O'Toole
Lawrence of Arabia
Best Picture
36%
Best Actor
7.1%
Both
43.6%
Neither
4.5%
Remove Ads.
Support Sporcle.
Get the best of Sporcle when you Go Orange. This ad-free experience offers more features, more stats, and more fun while also helping to support Sporcle. Thank you for becoming a member.

You're not logged in!

Compare scores with friends on all Sporcle quizzes.
OR
Log In

Sporcle TV

Today on Sporcle TV


Watch our educational content, quiz creation guides, and fun videos on Sporcle TV.

Show Comments

Extras

Top Quizzes Today


Score Distribution

Paid Content

Your Account Isn't Verified!

In order to create a playlist on Sporcle, you need to verify the email address you used during registration. Go to your Sporcle Settings to finish the process.

Report this User

Report this user for behavior that violates our Community Guidelines.

Details: